00384 a2200109 4500001001000000005001700010008004100027245009300068100002100161773007500182999001700257ART_5132520260410161822.0260409a 10aCondiciones de admisibilidad tributaria para insertar el "amicus curiae" en la ley 116831 aVega, Gerardo E.0 tDoctrina Penal Tributaria y Económicag- N° 57 (sep. 2020)wREV4317 c22466d22466